000 00689nam a2200241Ia 4500
003 OSt
005 20220927105109.0
006 a|||||r|||| 00| 0
007 ta
008 220926b |||||||| |||| 00| 0 eng d
024 _a151671
037 _cReference Collections
040 _aRTL
_cRTL
_beng
041 _2eng
_aeng
082 _a"X9(K233):5.1s, M1/UN"
110 _aGeneral Agreement of Tariff and Trade
_9370122
245 0 _aWorld market for Bovine meat
260 _aGebeva
_c1921
300 _a70 p
_ccm.
700 _aGeneral Agreement of Tariff and Trade
_9370123
942 _h"X9(K233):5.1s, M1/UN"
_cCC
999 _c690624
_d690624